000 00275nam a22001337a 4500
008 170803b xxu||||| |||| 00| 0 eng d
020 _a9783827295422
041 _ager
080 _a004
100 _a32
101 _aSHK
245 _aLABVIEW
_cJAMAL,R
942 _2udc
_cBK
999 _c22606
_d22606